PHARMACOLOGY AND THERAPEUTICS (Record no. 12265)

MARC details
000 -LEADER
fixed length control field 00459nam a22001817a 4500
003 - CONTROL NUMBER IDENTIFIER
control field OSt
008 - FIXED-LENGTH DATA ELEMENTS--GENERAL INFORMATION
fixed length control field 240323b |||||||| |||| 00| 0 eng d
020 ## - INTERNATIONAL STANDARD BOOK NUMBER
International Standard Book Number 9788194914815
082 ## - DEWEY DECIMAL CLASSIFICATION NUMBER
Classification number 615.1 PAP
100 ## - MAIN ENTRY--PERSONAL NAME
Personal name PALATTY, Princy.Louis
245 ## - TITLE STATEMENT
Title PHARMACOLOGY AND THERAPEUTICS
260 ## - PUBLICATION, DISTRIBUTION, ETC. (IMPRINT)
Place of publication, distribution, etc HYDERABAD
Name of publisher, distributor, etc PARAS MEDICAL BOOKS
Date of publication, distribution, etc 2022
300 ## - PHYSICAL DESCRIPTION
Extent xxiv,864
650 ## - SUBJECT ADDED ENTRY--TOPICAL TERM
Topical term or geographic name as entry element PHARMACOLOGY-I
700 ## - ADDED ENTRY--PERSONAL NAME
Personal name KAMLE, P.S
700 ## - ADDED ENTRY--PERSONAL NAME
Personal name GIREESH KUMAR K.P
942 ## - ADDED ENTRY ELEMENTS (KOHA)
Source of classification or shelving scheme Dewey Decimal Classification
Koha item type Reference Books
Holdings
Withdrawn status Lost status Source of classification or shelving scheme Damaged status Not for loan Collection code Home library Current library Date acquired Source of acquisition Currency Cost, normal purchase price Bill Number Total Checkouts Full call number Acc. no. / Barcode Date last seen Date last borrowed Actual Cost, discounted price Bill Date Koha item type
    Dewey Decimal Classification     B.Pharma PIET C-LIBRARY PIET C-LIBRARY 22/03/2024 PARAS MEDICAL BOOKS RUPEES 1495.00 POSDlh/23/24/1454 1 615.1 PAP BP2369 01/07/2024 04/05/2024 1045.00 06/03/2024 Reference Books

Design & Developed by: PIET Central Library
R70 Miles Stone Pattikalyana Samalkha Panipat 132102
mail ID :- [email protected], Phone No:- 0180-2569700 Ex.216